000 00653nam a2200193 i 4500
001 56344
003 ES-MaACL
005 20230906163336.0
007 t|
008 031007s1946 sp ||||1| spa d
100 1 _aDíez Hidalgo, José Emilio.
_944743
245 1 0 _aTransportes
_b: ; Monopolio del automovil ; Solución de huelgas ; Concepción de un estado moderno /
_cpor José Emilio Díez Hidalgo.
260 _aSevilla :
_b[s.n.,
_c1946]
300 _a15 p. :
_bil. ;
_c23 cm.
740 0 _aMonopolio del automovil.
740 0 _aSolución de huelgas.
740 0 _aConcepción de un estado moderno.
852 _aES-MaACL
_j1881-F-7
_bR.25694
999 _c56344
_d56344